Nehmotné výsledky výzkumné a obdobné činnosti
Kategória nehmotných výsledkov istých činností ako investičnej a teda dlhodobej majetkovej hodnoty a celkové hospodárenie s majetkom. Majetkové vymedzenie nehmotných výsledkov. Zaisťovanie nehmotných výsledkov. Oceňovanie a odpisovanie nehmnotných výsledkov. Financovanie výskumnej a obdobnej činnost...
Salvato in:
| Autore principale: | |
|---|---|
| Natura: | Capitolo di libro |
| Lingua: | ceco |
| Soggetti: | |
| Tags: |
Nessun Tag, puoi essere il primo ad aggiungerne!!
|
MARC
| LEADER | 00000naa a2200000 4500 | ||
|---|---|---|---|
| 001 | r014371 | ||
| 005 | 20221213083346.3 | ||
| 041 | 0 | |a cze | |
| 044 | |a CZ | ||
| 245 | 1 | 0 | |a Nehmotné výsledky výzkumné a obdobné činnosti |c M. Blatný |
| 520 | |a Kategória nehmotných výsledkov istých činností ako investičnej a teda dlhodobej majetkovej hodnoty a celkové hospodárenie s majetkom. Majetkové vymedzenie nehmotných výsledkov. Zaisťovanie nehmotných výsledkov. Oceňovanie a odpisovanie nehmnotných výsledkov. Financovanie výskumnej a obdobnej činnosti. | ||
| 610 | 2 | 0 | |a majetok investičný |
| 610 | 2 | 0 | |a majetok nehmotný |
| 610 | 2 | 0 | |a odpisy |
| 610 | 2 | 0 | |a oceňovanie |
| 610 | 2 | 0 | |a financovanie výskumu |
| 100 | 1 | |a Blatný, M. | |